000 00409nam a2200181Ia 4500
001 18063
005 20260306171603.0
008 260306s9999||||xx |||||||||||||| ||und||
041 _aESP
082 _a658.4
_bJ72 2010
100 _aJones, Gareth R.
_eAUT
245 0 _aAdministración contemporánea
260 _c2010
300 _a
_c
650 _aGEN
654 _aCAN
942 _cLIB
_dJUS
_fJUS
_2ddc
_n
999 _c18063
_d18063